Loading...
| History - World History | 0 | 5 | 0 | 1 | 50 | 66 | 90.40 | 2 | 5 |
| History - American History | 2 | 2 | 0 | 0 | 50 | 49 | 66.25 | 4 | 4 |
| Mythology | 0 | 4 | 0 | 0 | 40 | 65 | 97.75 | 3 | 4 |
| Social Science | 0 | 3 | 0 | 2 | 30 | 85 | 114.67 | 1 | 3 |
| Philosophy | 0 | 2 | 0 | 2 | 20 | 137 | 139.50 | 0 | 2 |
| History - European History | 1 | 1 | 1 | 0 | 20 | 56 | 74.50 | 2 | 2 |
| History - Other History | 1 | 1 | 1 | 1 | 20 | 48 | 91.50 | 0 | 2 |
| Pop Culture | 1 | 0 | 0 | 0 | 15 | 66 | 66.00 | 1 | 1 |
| Fine Arts - Visual Fine Arts | 0 | 1 | 0 | 1 | 10 | 140 | 140.00 | 0 | 1 |
| Religion | 0 | 1 | 0 | 1 | 10 | 139 | 139.00 | 0 | 1 |
| Science - Biology | 0 | 1 | 0 | 1 | 10 | 125 | 125.00 | 0 | 1 |
| Science - Chemistry | 0 | 1 | 0 | 1 | 10 | 114 | 114.00 | 0 | 1 |
| Fine Arts - Other Fine Arts | 0 | 1 | 0 | 0 | 10 | 87 | 87.00 | 0 | 1 |